<?xml version="1.0" encoding="UTF-8"?>
<marc:record xmlns:marc="http://www.loc.gov/MARC21/slim">
   <marc:leader>00000nam a2200000 a 4500</marc:leader>
   <marc:datafield ind1=" " ind2=" " tag="653">
      <marc:subfield code="a">Vorspeise</marc:subfield>
   </marc:datafield>
   <marc:datafield ind1=" " ind2=" " tag="653">
      <marc:subfield code="a">Dessert</marc:subfield>
   </marc:datafield>
   <marc:datafield ind1=" " ind2=" " tag="653">
      <marc:subfield code="a">Softcover / Ratgeber/Essen</marc:subfield>
   </marc:datafield>
   <marc:datafield ind1=" " ind2=" " tag="653">
      <marc:subfield code="a">Trinken/Themenkochbücher</marc:subfield>
   </marc:datafield>
   <marc:datafield ind1=" " ind2=" " tag="653">
      <marc:subfield code="a">Kochbuch</marc:subfield>
   </marc:datafield>
   <marc:datafield ind1="0" ind2="0" tag="245">
      <marc:subfield code="a">Verrines Festives</marc:subfield>
   </marc:datafield>
   <marc:datafield ind1="0" ind2="0" tag="245">
      <marc:subfield code="b">feine Köstlichkeiten im Glas</marc:subfield>
   </marc:datafield>
   <marc:datafield ind1=" " ind2="1" tag="264">
      <marc:subfield code="a">Köln</marc:subfield>
      <marc:subfield code="b">Ed. Fackelträger</marc:subfield>
      <marc:subfield code="c">2010</marc:subfield>
   </marc:datafield>
   <marc:datafield ind1="1" ind2=" " tag="520">
      <marc:subfield code="a">Angaben aus der Verlagsmeldung

Verrines Festives : Feine Köstlichkeiten im Glas

Küchentrend &amp; Partyhit: Köstlichkeiten im Glas.Aus den großen Restaurants kommt der Trend, kleine Häppchen im Glas („Verrine“) zu servieren. Die attraktiven Kleinigkeiten sind aus der Küche kaum noch wegzudenken. Lammkebabs mit Kichererbsencrème, raffinierter Wildreissalat, Hummermousse oder Johannisbeer-Tamarillo-Sorbet - im Glas angerichtet oder geschichtet begeistern die kleinen, einfallsreichen Kreationen durch Farben und Texturen die Gäste. Von Entree bis Dessert, von pikant bis süß - für jeden Geschmack ist etwas dabei. Kleiner Aufwand, große Wirkung: Alle Gerichte lassen sich schnell und mit einfachen Mitteln vor der Party zubereiten, sind ausgesprochen dekorativ und lassen sich auch im Stehen gut verspeisen. Diese verführerischen Häppchen mit großem Geschmack machen jede Einladung zu einem unvergesslichen Fest.
</marc:subfield>
   </marc:datafield>
   <marc:datafield ind1=" " ind2=" " tag="020">
      <marc:subfield code="a">9783771644482</marc:subfield>
      <marc:subfield code="9">9783771644482</marc:subfield>
   </marc:datafield>
   <marc:datafield ind1=" " ind2=" " tag="041">
      <marc:subfield code="a">ger</marc:subfield>
   </marc:datafield>
   <marc:datafield ind1=" " ind2=" " tag="300">
      <marc:subfield code="a">159 S.</marc:subfield>
   </marc:datafield>
</marc:record>
